ნორმალური ფორმატი
MARC ფორმატი
ჩანაწერი Corporate Name
ჩანაწერთა რაოდენობა, რომელიც გამოყენებულია: 1
001 - CONTROL NUMBER
- control field: 9081
003 - CONTROL NUMBER IDENTIFIER
- control field: GE_BSU
005 - DATE AND TIME OF LATEST TRANSACTION
- control field: 20200729225617.0
008 - FIXED-LENGTH DATA ELEMENTS
- fixed length control field: 200729|| aca||aabn | a|a d
040 ## - CATALOGING SOURCE
- Original cataloging agency: GE_BSU
- Transcribing agency: GE_BSU
110 ## - HEADING--CORPORATE NAME
- Corporate name or jurisdiction name as entry element: საქართველოს სსრ უმაღლესი და საშუალო სპეციალური განათლების სამინისტრო
- Subordinate unit: უმაღლესი განათლების სამეცნიერო კაბინეტი
670 ## - SOURCE DATA FOUND
- Source citation: Work cat.: (GE_BSU)53229: რამიშვილი, ვალერიან 1173, განმავითარებელი სწავლების პრობლემატიკა დედა ენაში /
